El problema de la emigración (Record no. 152476)

MARC details
000 -LEADER
campo de control de longitud fija 00774nam a2200181 i 4500
001 - NÚMERO DE CONTROL
campo de control 152476
003 - IDENTIFICADOR DE NÚMERO DE CONTROL
campo de control ES-MaACL
005 - FECHA Y HORA DE LA ÚLTIMA TRANSACCIÓN
campo de control 20250603174235.0
008 - DATOS DE LONGITUD FIJA--INFORMACIÓN GENERAL
campo de control de longitud fija 931025s1888 sp |||| | spa d
100 1# - ENTRADA PRINCIPAL--NOMBRE DE PERSONA
Nombre de persona Botella, Cristóbal,
Fechas asociadas al nombre 1867-1921
9 (RLIN) 30745
245 13 - MENCIÓN DEL TÍTULO
Título El problema de la emigración
Resto del título : Memoria /
Mención de responsabilidad, etc. por Cristobal Botella.
260 ## - PUBLICACIÓN, DISTRIBUCIÓN, ETC.
Lugar de publicación, distribución, etc. Madrid :
Nombre del editor, distribuidor, etc. [s.n.],
Fecha de publicación, distribución, etc. 1888 (
Fabricante Tip. de los Huerfanos)
300 ## - DESCRIPCIÓN FÍSICA
Extensión 256 p. ;
Dimensiones 26 cm.
500 ## - NOTA GENERAL
Nota general Memoria premiada con accésit por la Real Academia de Ciencias Morales y Políticas, en el concurso ordinario de 1836.
651 #7 - PUNTO DE ACCESO ADICIONAL DE MATERIA--NOMBRE GEOGRÁFICO
Nombre geográfico España-
Subdivisión general Emigración
Fuente del encabezamiento o término
9 (RLIN) 147695
852 ## - LOCALIZACIÓN
Ubicación ES-MaACL
Número de control de estantería F-M-III-O (VII)
Nota libre -- Enc. pasta española
condición física -- Falto de la cub. original
Nota libre -- Enc. en un vol. facticio
Holdings
Estatus retirado Estado de pérdida Estado de daño No para préstamo Colección Biblioteca de origen Biblioteca actual Ubicación en estantería Fecha de adquisición Fuente de adquisición Total de préstamos Signatura topográfica completa Código de barras Visto por última vez Precio de reemplazo Tipo de ítem Koha
        Libros del s. XIX Biblioteca del Ateneo de Madrid Biblioteca del Ateneo de Madrid Administración 17/01/2008     F-M-III-O (VII) 1159217 23/02/2023 23/02/2023 Libro impreso antiguo